National Assembly Library of Thailand

Early mapping of Southeast Asia / (ระเบียนเลขที่ 98813)

รายละเอียดในรูปแบบ MARC
000 -LEADER
fixed length control field 00671nam a22002417a 4500
003 - CONTROL NUMBER IDENTIFIER
control field NALT
005 - DATE AND TIME OF LATEST TRANSACTION
control field 20250131130959.0
008 - FIXED-LENGTH DATA ELEMENTS--GENERAL INFORMATION
fixed length control field 241224b th ||||| |||| 00| 0 eng d
020 ## - INTERNATIONAL STANDARD BOOK NUMBER
International Standard Book Number 9625934707
020 ## - INTERNATIONAL STANDARD BOOK NUMBER
International Standard Book Number 9789625934709
040 ## - CATALOGING SOURCE
Original cataloging agency NALT
041 ## - LANGUAGE CODE
Language code of text/sound track or separate title eng
050 ## - LIBRARY OF CONGRESS CALL NUMBER
Classification number G 2201
Item number S92E 1999
100 1# - MAIN ENTRY--PERSONAL NAME
Personal name Suarez, Thomas
9 (RLIN) 65314
245 10 - TITLE STATEMENT
Title Early mapping of Southeast Asia /
Statement of responsibility, etc. Thomas Suarez.
260 ## - PUBLICATION, DISTRIBUTION, ETC.
Place of publication, distribution, etc. Singapore :
Name of publisher, distributor, etc. Periplus,
Date of publication, distribution, etc. 1999.
300 ## - PHYSICAL DESCRIPTION
Extent 280 p. :
Other physical details ill., maps ;
Dimensions 31 cm.
651 #0 - SUBJECT ADDED ENTRY--GEOGRAPHIC NAME
Geographic name Southeast Asia
General subdivision Historiography
9 (RLIN) 41844
651 #0 - SUBJECT ADDED ENTRY--GEOGRAPHIC NAME
Geographic name Southeast Asia
9 (RLIN) 16927
850 ## - HOLDING INSTITUTION
Holding institution NALT
942 ## - ADDED ENTRY ELEMENTS (KOHA)
Source of classification or shelving scheme Library of Congress Classification
Koha item type General Book
996 ## - STAFF PROCESSING RECORDS (NALT)
Staff name kornsiririn.r
Staff type CATSTF
Acquisition or Cataloging date 2024-12-24
998 ## - STAFF NAME (NALT)
-- 3099
-- พรวิทู โค้วคชาภรณ์
รายการที่มีในห้องสมุด
Withdrawn status Lost status Source of classification or shelving scheme Damaged status Not for loan Collection code Home library Current library Shelving location Date acquired Total Checkouts Full call number Barcode Date last seen Price effective from Koha item type
    Library of Congress Classification     Senate National Assembly Library of Thailand National Assembly Library of Thailand General Book shelves 24/12/2024   G 2201 S92E 1999 0100006674001 24/12/2024 24/12/2024 General Book
หอสมุดรัฐสภา
สำนักงานเลขาธิการสภาผู้แทนราษฎร เลขที่ 1111 ถนนสามเสน แขวงถนนนครไชยศรี เขตดุสิต กรุงเทพฯ 10300
The Secretariat of the House of Representatives 1111 Samsen Road, Thanon Nakhon Chai Si, Dusit, Bangkok 10300, THAILAND
โทรศัพท์: +66(0) 2242 5900 ต่อ 5714-5 โทรสาร: +66(0) 2242 5990 อีเมล: [email protected]